000 00315nam a2200109Ia 4500
005 20251222153534.0
008 251222s9999||||xx |||||||||||||| ||spa||
082 _a985.077/M26
100 _a"Marsano Porras, Andrés, ed."
245 0 _aChavón de Huántar: Modelo de estrategia frente al tercer milenio
942 _cLIB
999 _c30194
_d30194